[Event "National Open"]
[Site "Las Vegas USA"]
[Date "2010.06.11"]
[Round "1"]
[White "Tanaka,C"]
[Black "Kacheishvili,G"]
[Result "0-1"]
[WhiteElo "2130"]
[BlackElo "2587"]
[EventDate "2010.06.11"]

1. d4 Nf6 2. c4 e6 3. g3 c5 4. Nf3 cxd4 5. Nxd4 a6 6. Bg2 Qc7 7. b3 Bb4+ 8.
Bd2 Bc5 9. Bc3 d5 10. cxd5 Nxd5 11. Bxd5 exd5 12. O-O O-O 13. Qd2 Qe7 14.
b4 Bd6 15. Na3 Bh3 16. Rfe1 Nd7 17. Nac2 Rfe8 18. Ne3 Qe4 19. Nf3 Be6 20.
Ng5 Qg6 21. Nxd5 Bxd5 22. Qxd5 Nb6 23. Qa5 Nc4 24. Qd5 Rac8 25. Rac1 Red8
26. Bd2 b5 27. Nf3 Bxb4 28. Qb7 Rb8 0-1

[Event "National Open"]
[Site "Las Vegas USA"]
[Date "2010.06.11"]
[Round "1"]
[White "Khachiyan,M"]
[Black "Kelley,D"]
[Result "1/2-1/2"]
[WhiteElo "2539"]
[BlackElo "2203"]
[EventDate "2010.06.11"]

1. e4 e5 2. Nf3 Nc6 3. Bb5 a6 4. Bxc6 dxc6 5. Nc3 f6 6. d4 exd4 7. Nxd4 c5
8. Nde2 Qxd1+ 9. Nxd1 Bd6 10. Bf4 Be5 11. Bxe5 fxe5 12. Ne3 Nf6 13. Nc3 Be6
14. O-O-O O-O 15. Rhe1 Rad8 16. Ned5 Bxd5 17. exd5 e4 18. Rxe4 Nxe4 19.
Nxe4 b6 20. c4 Rfe8 21. f3 h6 22. Kc2 Kf7 23. h4 g6 24. Rd3 Re5 25. Kc3 g5
26. hxg5 hxg5 27. a3 g4 28. b4 cxb4+ 29. axb4 b5 30. Nc5 bxc4 31. Kxc4 gxf3
32. gxf3 Rd6 33. Ne4 Rb6 34. Rc3 Ke8 35. Kd4 Re7 36. Rc4 Rf7 37. Ke3 Rb5
38. Nc5 a5 39. bxa5 Rxa5 40. f4 Re7+ 41. Kd4 Kf7 42. Ne4 Ra1 43. Kc5 Ra5+
44. Kc6 Ra6+ 45. Kb5 Rb6+ 46. Kc5 Kg6 47. Nc3 Kf5 48. Nb5 Rd7 49. Rd4 Rh6
50. Ra4 Rxd5+ 1/2-1/2

[Event "National Open"]
[Site "Las Vegas USA"]
[Date "2010.06.11"]
[Round "1"]
[White "Moussa,A"]
[Black "Panchanathan,M"]
[Result "0-1"]
[WhiteElo "2205"]
[BlackElo "2549"]
[EventDate "2010.06.11"]

1. d4 Nf6 2. Nf3 e6 3. c4 b6 4. Nc3 Bb4 5. a3 Bxc3+ 6. bxc3 Bb7 7. e3 Ne4
8. Bd3 f5 9. Qc2 O-O 10. O-O d6 11. Bb2 Nd7 12. Rad1 Rf6 13. Ne1 Rh6 14. f3
Qh4 15. h3 Qg5 16. Bc1 Ng3 17. Rf2 Nf6 18. Qd2 Rh4 19. Qa2 Nfh5 20. Kh2 Rf8
21. e4 f4 22. c5 d5 23. exd5 exd5 24. c4 Bc8 25. cxd5 Bxh3 26. gxh3 Rxh3+
27. Kxh3 Nf1 28. Rg2 Nhg3 0-1

[Event "National Open"]
[Site "Las Vegas USA"]
[Date "2010.06.11"]
[Round "1"]
[White "Kogan,Ar"]
[Black "Alvarez,Er USA"]
[Result "1-0"]
[WhiteElo "2525"]
[BlackElo "2258"]
[EventDate "2010.06.11"]

1. e4 c5 2. Nf3 d6 3. d4 cxd4 4. Nxd4 Nf6 5. Nc3 Nc6 6. Bc4 e5 7. Nf5 Bxf5
8. exf5 h6 9. Be3 Be7 10. Qf3 O-O 11. O-O-O Rc8 12. Bb3 b5 13. Kb1 a5 14.
Nxb5 a4 15. Bxa4 Qa5 16. Nc3 d5 17. Bxc6 e4 18. Qe2 Rxc6 19. Qb5 Qa8 20.
Nxd5 Nxd5 21. Qxd5 Bf6 22. Bd4 Rd8 23. Qxe4 Qa4 24. b3 Rb6 25. c3 Bxd4 26.
Rxd4 Rxb3+ 27. Ka1 Rxd4 28. Qxd4 Qa3 29. Rb1 Rxc3 30. f6 Rd3 31. Rb8+ Kh7
32. Qe4+ g6 33. Rh8+ Kxh8 34. Qe8+ Kh7 35. Qxf7+ 1-0

[Event "National Open"]
[Site "Las Vegas USA"]
[Date "2010.06.11"]
[Round "1"]
[White "Gallegos,P"]
[Black "Matikozian,A"]
[Result "0-1"]
[WhiteElo "2099"]
[BlackElo "2494"]
[EventDate "2010.06.11"]

1. e4 c5 2. Nf3 d6 3. d4 cxd4 4. Nxd4 Nf6 5. Nc3 a6 6. Bc4 e6 7. O-O b5 8.
Bb3 Be7 9. Qf3 Qc7 10. Re1 O-O 11. Qg3 Bd7 12. Bh6 Ne8 13. a3 Nc6 14. Nxc6
Bxc6 15. Rad1 a5 16. Bg5 Bxg5 17. Qxg5 Qb7 18. e5 dxe5 19. Qxe5 Nf6 20. Rd3
Rfd8 21. Rg3 Ne8 22. f4 Rd2 23. f5 Qa7+ 24. Qe3 Qxe3+ 25. Rexe3 exf5 26.
Re7 Nd6 27. Rd3 Rxd3 28. cxd3 Kf8 29. Rc7 Rc8 30. Rxc8+ Nxc8 31. Bd5 Bd7
32. Kf2 Ke7 33. Ke3 f6 34. Bb7 Na7 35. g3 Kd6 36. Kd4 Bc6 37. Ba6 g5 38. b3
h6 39. a4 b4 40. Nb1 Bd5 41. Nd2 Nc6+ 42. Ke3 Ke5 43. Bc4 Nd4 44. Kf2 Bb7
45. Ke3 Nc2+ 46. Ke2 Kd4 47. Nb1 f4 48. gxf4 gxf4 49. Nd2 Kc3 50. Nf3 Bxf3+
51. Kxf3 Nd4+ 52. Kxf4 Nxb3 53. Bxb3 Kxb3 54. d4 0-1

[Event "National Open"]
[Site "Las Vegas USA"]
[Date "2010.06.11"]
[Round "1"]
[White "Gonzalez,Ren"]
[Black "Funderburg,J"]
[Result "1-0"]
[WhiteElo "2485"]
[BlackElo "2109"]
[EventDate "2010.06.11"]

1. e4 e6 2. d3 d5 3. Qe2 Be7 4. Nf3 Nf6 5. g3 c5 6. Bg2 Nc6 7. O-O O-O 8.
e5 Nd7 9. c4 d4 10. h4 Qc7 11. Bf4 Rb8 12. Na3 a6 13. Nc2 b5 14. b3 Bb7 15.
Rfe1 Ba8 16. h5 bxc4 17. dxc4 Rfd8 18. Rad1 Qa5 19. Rd3 Nb4 20. Nxb4 Bxf3
21. Bxf3 Qxb4 22. Be4 a5 23. Bc6 Qb6 24. Bb5 Qb7 25. Qg4 Kh8 26. h6 Rg8 27.
Bd2 g5 28. Qf3 Rg6 29. Bxa5 Rxh6 30. Bd2 Qc7 31. Qc6 Qxc6 32. Bxc6 Nb6 33.
Kg2 Rg6 34. a4 Nc8 35. a5 h5 36. a6 h4 37. Bb7 Na7 38. b4 cxb4 39. Rxd4 Bc5
40. Rd7 Rg7 41. Be3 1-0

[Event "National Open"]
[Site "Las Vegas USA"]
[Date "2010.06.11"]
[Round "1"]
[White "Wallach,K"]
[Black "Sevillano,E"]
[Result "0-1"]
[WhiteElo "2166"]
[BlackElo "2507"]
[EventDate "2010.06.11"]

1. e4 c5 2. Nc3 Nc6 3. f4 e6 4. Nf3 d5 5. Bb5 d4 6. Bxc6+ bxc6 7. Ne2 d3 8.
Nc3 Nf6 9. Ne5 dxc2 10. Qxc2 Bd6 11. Na4 O-O 12. d3 Bxe5 13. fxe5 Ng4 14.
O-O Qd4+ 15. Kh1 c4 16. dxc4 Ba6 17. Bf4 Rad8 18. b3 f6 19. h3 fxe5 20.
hxg4 exf4 21. Rad1 Qf6 22. Qf2 e5 23. Qxa7 Bc8 24. Qf2 Bxg4 25. Rxd8 Qxd8
26. Nc5 Rf6 27. Kg1 f3 28. Qe3 Rg6 29. Nd3 fxg2 30. Rf2 Rd6 31. Nxe5 Rd1+
32. Kxg2 Qh4 33. Nxg4 Qxg4+ 34. Kh2 Qh4+ 35. Kg2 Qh1+ 36. Kg3 Rg1+ 37. Kf4
Qh6+ 38. Kf3 Qh5+ 39. Kf4 Qg5+ 40. Kf3 Qg4+ 0-1

[Event "National Open"]
[Site "Las Vegas USA"]
[Date "2010.06.11"]
[Round "2"]
[White "Tregubov,P"]
[Black "Liu,E"]
[Result "1-0"]
[WhiteElo "2622"]
[BlackElo "2305"]
[EventDate "2010.06.11"]

1. d4 Nf6 2. c4 g6 3. Nc3 Bg7 4. e4 d6 5. Nge2 O-O 6. Ng3 e5 7. d5 Ng4 8.
Be2 Qh4 9. Nb5 Na6 10. Bd2 Bh6 11. Bxg4 Bxg4 12. Qc1 Bxd2+ 13. Qxd2 f5 14.
exf5 Bxf5 15. Rc1 Bd7 16. O-O Rf4 17. b3 Rf7 18. f3 Bf5 19. Rfe1 Qd8 20. b4
Rd7 21. f4 c6 22. Nc3 Qf6 23. dxc6 bxc6 24. b5 1-0

[Event "National Open"]
[Site "Las Vegas USA"]
[Date "2010.06.11"]
[Round "2"]
[White "Haskel,J"]
[Black "Lenderman,A"]
[Result "0-1"]
[WhiteElo "2241"]
[BlackElo "2598"]
[EventDate "2010.06.11"]

1. d4 Nf6 2. c4 g6 3. f3 Bg7 4. e4 O-O 5. Nc3 d6 6. Bg5 c5 7. d5 h6 8. Be3
e6 9. dxe6 Bxe6 10. Qd2 Kh7 11. g4 Nc6 12. h4 Ne5 13. b3 b5 14. h5 g5 15.
Nxb5 Nxf3+ 16. Nxf3 Bxg4 17. Nh2 Nxe4 18. Bd3 f5 19. Bxe4 fxe4 20. Nxg4
Bxa1 21. Qxd6 Bg7 22. Qxd8 Raxd8 23. Bxc5 Rf4 24. Ne3 a6 25. Nd6 Be5 26.
Nef5 Rf3 27. Ke2 g4 28. Rf1 Rf8 29. Rxf3 exf3+ 30. Kf2 Rf6 31. b4 Bf4 32.
a4 Re6 33. Be3 Bxd6 34. c5 Bh2 35. b5 axb5 36. axb5 Re5 37. Nh4 Rxh5 38. b6
Rxh4 39. c6 Bd6 40. c7 Rh2+ 0-1

[Event "National Open"]
[Site "Las Vegas USA"]
[Date "2010.06.11"]
[Round "2"]
[White "Formanek,E"]
[Black "Kogan,Ar"]
[Result "1-0"]
[WhiteElo "2241"]
[BlackElo "2525"]
[EventDate "2010.06.11"]

1. d4 Nf6 2. c4 e6 3. Nc3 Bb4 4. Qc2 c5 5. dxc5 O-O 6. Nf3 Na6 7. g3 Nxc5
8. Bg2 Nce4 9. O-O Nxc3 10. bxc3 Be7 11. Nd4 Qc7 12. Qd3 a6 13. Nc2 Rd8 14.
a4 Rb8 15. a5 d6 16. Be3 Nd7 17. Rfb1 Bf6 18. Ba7 Ra8 19. Bd4 Ne5 20. Bb6
Qxb6 21. Rxb6 Nxd3 22. exd3 Bxc3 23. Ra3 Bd2 24. Bxb7 Bxb7 25. Rxb7 d5 26.
c5 e5 27. d4 Rdc8 28. Rf3 f6 29. dxe5 Rxc5 30. Nd4 Bc3 31. Ne6 Rc6 32.
Rxg7+ Kh8 33. exf6 Bb2 34. Re7 1-0

[Event "National Open"]
[Site "Las Vegas USA"]
[Date "2010.06.11"]
[Round "2"]
[White "Sevillano,E"]
[Black "Dean,J"]
[Result "1/2-1/2"]
[WhiteElo "2507"]
[BlackElo "2235"]
[EventDate "2010.06.11"]

1. e4 c6 2. c4 d5 3. exd5 cxd5 4. cxd5 Nf6 5. Nc3 Nxd5 6. d4 g6 7. Qb3 Nb6
8. Bb5+ Bd7 9. Nf3 Bg7 10. a4 O-O 11. a5 Be6 12. Qd1 Nd5 13. O-O a6 14. Be2
Nc6 15. Qa4 b5 16. axb6 Qxb6 17. Bc4 Ncb4 18. Qb3 Qd6 19. Ne4 Qb6 20. Nc5
Bxd4 21. Nxe6 fxe6 22. Bh6 Rf5 23. Rad1 Bc5 24. Rd2 Rh5 25. Bg5 h6 26. Bh4
Rf8 27. Bg3 Bd6 28. Re1 Rf6 29. Rde2 Bf4 30. Qa4 Kf7 31. Re4 Rhf5 32. Bxf4
Nxf4 33. Nd4 Nxg2 34. Nxf5 Nxe1 35. Rxe1 gxf5 36. Qd7 Qd6 37. Qc8 Qc6 38.
Qxc6 Nxc6 39. Bxa6 Nb4 40. Bc4 Nd5 41. Kf1 Rg6 42. Rd1 Rg4 43. Bxd5 exd5
44. Rxd5 Kf6 45. Rb5 1/2-1/2

[Event "National Open"]
[Site "Las Vegas USA"]
[Date "2010.06.11"]
[Round "2"]
[White "Bryant,J"]
[Black "Lin,D"]
[Result "1-0"]
[WhiteElo "2367"]
[BlackElo "1792"]
[EventDate "2010.06.11"]

1. e4 e5 2. Nf3 Nc6 3. d4 exd4 4. Nxd4 Nf6 5. Nc3 Bb4 6. Nxc6 bxc6 7. Bd3
O-O 8. O-O Re8 9. Bg5 h6 10. Bh4 Rb8 11. f4 Be7 12. Qf3 Nh7 13. Bg3 Rxb2
14. e5 Bh4 15. Ne4 Bxg3 16. Nxg3 c5 17. Qh5 d6 18. Rad1 Nf8 19. Ne4 Rb6 20.
Nf6+ gxf6 21. Rf3 f5 22. Rg3+ Ng6 23. Rxg6+ fxg6 24. Qxg6+ Kf8 25. Qxh6+
Kf7 26. Qh7+ Kf8 27. Qh8+ Kf7 28. Qh5+ Kf8 29. Qh6+ Kf7 30. Bc4+ Be6 31.
Qh7+ Kf8 32. Qh8+ Kf7 33. Qh7+ Kf8 34. Qh6+ Kf7 35. Be2 Ke7 36. Qh7+ Bf7
37. Bh5 Rf8 38. e6 Kxe6 39. Bxf7+ 1-0

[Event "National Open"]
[Site "Las Vegas USA"]
[Date "2010.06.11"]
[Round "2"]
[White "Ramer,S"]
[Black "Naroditsky,D"]
[Result "0-1"]
[WhiteElo "2223"]
[BlackElo "2381"]
[EventDate "2010.06.11"]

1. d4 Nf6 2. Nf3 g6 3. c4 Bg7 4. Nc3 O-O 5. e4 d6 6. Be2 Na6 7. O-O e5 8.
Be3 Ng4 9. Bg5 Qe8 10. c5 h6 11. Bh4 g5 12. Bg3 exd4 13. Nxd4 dxc5 14. Nf5
Bxf5 15. exf5 Nf6 16. Bxa6 bxa6 17. Re1 Qc6 18. Be5 Rad8 19. Qa4 Qxa4 20.
Nxa4 Rd5 21. Rad1 Re8 22. Bxc7 Rxe1+ 23. Rxe1 Rxf5 24. Be5 Nd7 25. Bxg7
Kxg7 26. Rd1 Nb6 27. Nc3 Rf4 28. Kf1 Nc4 29. Rd7 Nxb2 30. Rxa7 Rc4 31. Nd5
Rc1+ 32. Ke2 Rc2+ 33. Kf3 Nd1 34. Rxa6 Rxf2+ 35. Kg3 Rd2 36. Ne7 Rd3+ 37.
Kg4 Ne3+ 38. Kh5 Rd7 39. Nc6 Nxg2 40. Ra5 f5 0-1

[Event "National Open"]
[Site "Las Vegas USA"]
[Date "2010.06.11"]
[Round "2"]
[White "Eden,T"]
[Black "Khachiyan,M"]
[Result "0-1"]
[WhiteElo "2197"]
[BlackElo "2539"]
[EventDate "2010.06.11"]

1. Nf3 c5 2. c4 Nc6 3. Nc3 g6 4. g3 Nd4 5. Bg2 Nxf3+ 6. Bxf3 Bg7 7. Qc2 Nh6
8. b3 Nf5 9. e3 O-O 10. Bb2 d6 11. h4 h5 12. Nd5 e5 13. O-O-O Rb8 14. d3 b5
15. Nc3 b4 16. Nd5 a5 17. Qe2 Ne7 18. Qf1 a4 19. Kc2 f5 20. Nxe7+ Qxe7 21.
Bd5+ Kh7 22. Qg2 Bd7 23. Rhe1 Rfe8 24. Qh1 Bf6 25. Rd2 Rb6 26. e4 f4 27.
Rde2 Qg7 28. Rg1 Ra6 29. f3 fxg3 30. Rxg3 Re7 31. Reg2 Be8 32. Qg1 axb3+
33. axb3 Ra2 34. Kb1 Rea7 35. Be6 Qe7 36. Bh3 Qb7 37. Rxg6 Bxg6 38. Rxg6
Qa8 39. Qc1 Ra1+ 0-1

[Event "National Open"]
[Site "Las Vegas USA"]
[Date "2010.06.11"]
[Round "2"]
[White "Hermansen,R"]
[Black "Mueller,Jas"]
[Result "1-0"]
[WhiteElo "2219"]
[BlackElo "2111"]
[EventDate "2010.06.11"]

1. e4 e5 2. Nf3 Nc6 3. Bb5 a6 4. Ba4 Nf6 5. d3 d6 6. Nc3 b5 7. Bb3 Na5 8.
h3 Nxb3 9. axb3 b4 10. Ne2 Bb7 11. Ng3 g6 12. O-O Bg7 13. Bg5 c5 14. Qd2 h6
15. Be3 Nd7 16. c3 a5 17. d4 cxd4 18. cxd4 d5 19. exd5 Bxd5 20. Nxe5 Nxe5
21. dxe5 Bxb3 22. Qxd8+ Kxd8 23. f4 Kd7 24. Ne4 Bf8 25. Rf2 Be7 26. Rd2+
Ke6 27. Bc5 a4 28. g4 Rac8 29. Bd6 Rhd8 30. Re1 Rc2 31. Rxc2 Bxd6 32. Rc6
1-0

[Event "National Open"]
[Site "Las Vegas USA"]
[Date "2010.06.11"]
[Round "2"]
[White "Harmon,L"]
[Black "Eckert,D"]
[Result "1/2-1/2"]
[WhiteElo "2062"]
[BlackElo "2240"]
[EventDate "2010.06.11"]

1. e4 c5 2. Nf3 e6 3. d4 cxd4 4. Nxd4 a6 5. Nc3 Qc7 6. g3 Nf6 7. Bg2 Be7 8.
O-O d6 9. f4 O-O 10. Be3 Nc6 11. h3 Rb8 12. Nb3 b5 13. g4 Nd7 14. g5 Nb6
15. f5 Nc4 16. Bc1 Re8 17. Qh5 N6e5 18. fxe6 Bxe6 19. Nd5 Bxd5 20. exd5
Qb6+ 21. Kh1 Ne3 22. Bxe3 Qxe3 23. Rae1 Qg3 24. Nd2 g6 25. Qe2 Qxg5 26. Nf3
Nxf3 27. Qxf3 Rf8 28. Re2 Kg7 29. Qa3 Ra8 30. Ref2 Qe5 31. Qa5 Bh4 32. Rf3
f5 33. Rc3 Bd8 34. Qb4 Bf6 35. Rc6 Rfd8 36. c3 a5 37. Rc7+ Kh6 38. Qxb5
Rab8 39. Rb7 Rxb7 40. Qxb7 Qg3 41. Rf3 Qe1+ 42. Rf1 Qg3 43. Rf3 Qe1+
1/2-1/2

[Event "National Open"]
[Site "Las Vegas USA"]
[Date "2010.06.11"]
[Round "2"]
[White "Chakraborty,Di"]
[Black "Kavutskiy,K"]
[Result "1/2-1/2"]
[WhiteElo "2135"]
[BlackElo "2132"]
[EventDate "2010.06.11"]

1. e4 e6 2. d4 d5 3. Nc3 Nf6 4. Bg5 Bb4 5. exd5 exd5 6. Qf3 c6 7. Bxf6 Qxf6
8. Qxf6 gxf6 9. Kd2 O-O 10. Bd3 c5 11. a3 Ba5 12. b4 cxb4 13. Nxd5 bxa3+
14. c3 Rd8 15. Ne7+ Kg7 16. Nxc8 Rxc8 17. Rxa3 Bc7 18. Rb3 Bf4+ 19. Kc2 b6
20. Ne2 Bd6 21. Ng3 Kh8 22. Bf5 Rc7 23. Re1 Nc6 24. Kd3 Ne7 25. Be4 Rac8
26. Nf5 Nxf5 27. Bxf5 Rb8 28. Re4 Rg8 29. g3 Rg7 30. Rb1 Rg5 31. g4 Rg8 32.
h4 h6 33. Rbe1 a5 34. Re8 Ra7 35. Rxg8+ Kxg8 36. Rb1 Bc7 37. Kc4 Kf8 38.
Bc2 Bd8 1/2-1/2

[Event "National Open"]
[Site "Las Vegas USA"]
[Date "2010.06.11"]
[Round "2"]
[White "Tanner,R"]
[Black "Serpik,I"]
[Result "0-1"]
[WhiteElo "2082"]
[BlackElo "2210"]
[EventDate "2010.06.11"]

1. e4 e5 2. Nf3 d5 3. Nxe5 Bd6 4. d4 dxe4 5. Be2 Nf6 6. Nc4 Nc6 7. Nxd6+
Qxd6 8. c3 O-O 9. O-O Ne7 10. f3 exf3 11. Bxf3 c6 12. Nd2 Be6 13. Ne4 Nxe4
14. Bxe4 Ng6 15. Qh5 Rae8 16. Bxg6 fxg6 17. Rxf8+ Qxf8 18. Qh4 Bc4 19. Qf4
Re1+ 20. Kf2 Rf1+ 0-1

[Event "National Open"]
[Site "Las Vegas USA"]
[Date "2010.06.11"]
[Round "2"]
[White "Smarty,Sylvester"]
[Black "Moussa,A"]
[Result "0-1"]
[WhiteElo "2057"]
[BlackElo "2205"]
[EventDate "2010.06.11"]

1. c4 e6 2. g3 d5 3. Bg2 Nf6 4. Nf3 Be7 5. O-O O-O 6. d4 b6 7. Nc3 Bb7 8.
cxd5 exd5 9. Ne5 Nbd7 10. Qb3 c6 11. f4 Rc8 12. Bd2 c5 13. e3 Ne4 14. Nxe4
dxe4 15. Bc3 Nxe5 16. fxe5 Bg5 17. Rae1 Ba6 18. Rf5 Bd3 19. Qd1 g6 20. Rf2
Qd7 21. dxc5 Rfd8 22. cxb6 axb6 23. Qb3 b5 24. h4 Bc4 25. Qc2 Bd3 26. Qd2
Bh6 27. Kh2 b4 28. Bh3 bxc3 29. bxc3 Qd5 30. Bxc8 Rxc8 31. Qb2 Bg7 0-1

[Event "National Open"]
[Site "Las Vegas USA"]
[Date "2010.06.12"]
[Round "3"]
[White "Kogan,Ar"]
[Black "Serpik,I"]
[Result "1-0"]
[WhiteElo "2525"]
[BlackElo "2210"]
[EventDate "2010.06.11"]

1. e4 e5 2. Nc3 Nf6 3. Bc4 Nc6 4. d3 Be7 5. f4 exf4 6. Bxf4 d6 7. Nf3 O-O
8. O-O Na5 9. Bb3 Nxb3 10. axb3 c6 11. Kh1 Bg4 12. Qe1 Bxf3 13. Rxf3 Nh5
14. Be3 a6 15. Qf2 Nf6 16. Rg3 Qd7 17. Bd4 Qe6 18. Ne2 Ng4 19. Qf3 Ne5 20.
Qh5 Bf6 21. Rf1 Qe7 22. Qf5 Kh8 23. Rh3 h6 24. Be3 1-0

[Event "National Open"]
[Site "Las Vegas USA"]
[Date "2010.06.12"]
[Round "3"]
[White "Moussa,A"]
[Black "Blanco Fernandez,A"]
[Result "0-1"]
[WhiteElo "2205"]
[BlackElo "2315"]
[EventDate "2010.06.11"]

1. d4 Nf6 2. c4 e6 3. Nf3 b6 4. g3 Ba6 5. b3 d5 6. Bg2 dxc4 7. Ne5 Bb4+ 8.
Bd2 cxb3 9. axb3 Qxd4 10. Nc6 Qxa1 11. Bxb4 Nd5 12. Bxd5 exd5 13. Bc3 Qa2
14. Nb4 Qxe2+ 15. Qxe2+ Bxe2 16. Kxe2 c6 17. Bxg7 Rg8 18. Bb2 a5 19. Nc2
Na6 20. Ba3 Kd7 21. Nc3 Rge8+ 22. Kf3 b5 23. Bb2 Nb4 24. Nd4 Nd3 25. Ba1 a4
26. bxa4 b4 27. Nce2 Rxa4 28. Rd1 Ra3 29. Kg2 c5 30. Nc2 Ra2 0-1

[Event "National Open"]
[Site "Las Vegas USA"]
[Date "2010.06.12"]
[Round "3"]
[White "Shibut,M"]
[Black "Troff,Kayden"]
[Result "1/2-1/2"]
[WhiteElo "2246"]
[BlackElo "2201"]
[EventDate "2010.06.11"]

1. e4 c5 2. c3 g6 3. d4 cxd4 4. cxd4 d5 5. exd5 Nf6 6. Nc3 Bg7 7. Qb3 O-O
8. Bc4 Nbd7 9. Nge2 Nb6 10. Bg5 Bf5 11. Bxf6 Bxf6 12. Rd1 Rc8 13. Bd3 Bxd3
14. Rxd3 Qd7 15. O-O Rfd8 16. d6 exd6 17. Nb5 Ra8 18. Nxa7 Rxa7 19. Qxb6
Rxa2 20. Rb3 Ra6 21. Qxb7 Qxb7 22. Rxb7 Re8 23. Nc3 Bxd4 24. g3 Bxc3 25.
bxc3 Re2 26. Rd7 Rd2 27. Re7 Rd3 28. c4 Rd4 29. Rb1 Ra5 30. Rb5 Rxb5
1/2-1/2

[Event "National Open"]
[Site "Las Vegas USA"]
[Date "2010.06.12"]
[Round "3"]
[White "Liu,E"]
[Black "Kelley,D"]
[Result "0-1"]
[WhiteElo "2305"]
[BlackElo "2203"]
[EventDate "2010.06.11"]

1. e4 e5 2. Nf3 Nc6 3. Bb5 a6 4. Ba4 Nf6 5. O-O Be7 6. Re1 b5 7. Bb3 d6 8.
c3 O-O 9. h3 Na5 10. Bc2 c5 11. d4 Qc7 12. d5 c4 13. Nh2 Nb7 14. f4 exf4
15. Bxf4 Nd7 16. Qh5 g6 17. Qh6 Bf6 18. Ng4 Bg7 19. Qh4 f6 20. Be3 Ne5 21.
Nd2 Nc5 22. Nf3 Bxg4 23. hxg4 a5 24. Nd4 Qd7 25. g5 fxg5 26. Bxg5 b4 27.
Rf1 Rfe8 28. Bf6 Qg4 29. Qxg4 Nxg4 30. Bxg7 Kxg7 31. Nb5 Rad8 32. Rae1 Ne5
33. Nd4 Rd7 34. Re2 Rf7 35. Rxf7+ Nxf7 36. Nc6 b3 37. axb3 cxb3 38. Bb1 a4
39. Kf2 Ne5 40. Nxe5 Rxe5 41. Ke3 h5 42. g3 g5 43. Rh2 Kg6 44. Kd4 h4 45.
gxh4 g4 46. h5+ Kh6 47. Rh1 Rxh5 48. Rg1 Rh2 49. e5 Rxb2 50. exd6 Nb7 51.
d7 a3 52. Be4 a2 53. Kc4 Rb1 54. Bxb1 a1=Q 55. Kxb3 Nc5+ 56. Kc2 Nxd7 57.
Rxg4 Nf6 58. Rd4 Kg5 59. Rd1 Ne4 60. Rd4 Nd6 0-1

[Event "National Open"]
[Site "Las Vegas USA"]
[Date "2010.06.12"]
[Round "3"]
[White "Amanov,M"]
[Black "Kacheishvili,G"]
[Result "1/2-1/2"]
[WhiteElo "2479"]
[BlackElo "2587"]
[EventDate "2010.06.11"]

1. d4 d5 2. c4 c6 3. Nf3 Nf6 4. Nc3 dxc4 5. a4 Bf5 6. Ne5 Nbd7 7. Nxc4 Qc7
8. g3 e5 9. dxe5 Nxe5 10. Bf4 Nfd7 11. Bg2 f6 12. O-O O-O-O 13. Rc1 Nc5 14.
Qe1 a5 15. Nxe5 fxe5 16. Be3 Nb3 17. Nb5 Bb4 18. Nxc7 Bxe1 19. Rcxe1 Kxc7
20. f4 Nd2 1/2-1/2

[Event "National Open"]
[Site "Las Vegas USA"]
[Date "2010.06.12"]
[Round "3"]
[White "Lenderman,A"]
[Black "Bryant,J"]
[Result "1-0"]
[WhiteElo "2598"]
[BlackElo "2367"]
[EventDate "2010.06.11"]

1. d4 c5 2. d5 e6 3. Nc3 d6 4. e4 exd5 5. Nxd5 Nf6 6. Nxf6+ Qxf6 7. Ne2 Nc6
8. Nc3 Qg6 9. Bf4 Be6 10. Qd2 Be7 11. O-O-O O-O 12. f3 Rab8 13. Kb1 Ne5 14.
h4 Rfd8 15. Be3 Bc4 16. Nd5 Bxd5 17. Qxd5 b5 18. Bd2 h5 19. Ba5 Rdc8 20.
Bc3 Nd7 21. g4 Nf6 22. Bxf6 Qxf6 23. g5 Qf4 24. g6 c4 25. Qxh5 fxg6 26.
Qxg6 Bf6 27. Rd5 Rc5 28. Rxc5 dxc5 29. Qh5 Rd8 30. Bh3 Qe5 31. Qxe5 Bxe5
32. Be6+ Kf8 33. Bd5 Ke7 34. c3 Rf8 35. Rh3 Rf6 36. a4 a6 37. h5 Rh6 38.
Rh4 Bf6 39. Rh1 Bg5 40. Ka2 Kf6 41. Bb7 bxa4 42. Bxa6 g6 43. Rd1 gxh5 44.
Bc8 h4 45. Bh3 Be3 46. Rd5 Rg6 47. e5+ Ke7 48. e6 Ke8 49. Re5 Rg3 50. Bg4
h3 51. e7 Rxg4 52. fxg4 Bf4 53. Rh5 h2 54. Rh7 1-0

[Event "National Open"]
[Site "Las Vegas USA"]
[Date "2010.06.12"]
[Round "3"]
[White "Naroditsky,D"]
[Black "Panchanathan,M"]
[Result "1/2-1/2"]
[WhiteElo "2381"]
[BlackElo "2549"]
[EventDate "2010.06.11"]

1. e4 e5 2. Nf3 Nc6 3. Bb5 a6 4. Ba4 Nf6 5. d3 d6 6. c3 Be7 7. O-O O-O 8.
Nbd2 b5 9. Bc2 Na5 10. d4 Nd7 11. a4 b4 12. cxb4 Nc6 13. Nc4 exd4 14. Nxd4
Nxb4 15. Bd2 Nxc2 16. Nc6 Qe8 17. Nxe7+ Qxe7 18. Qxc2 Nc5 19. Rfe1 Be6 20.
b4 Nd7 21. Ne3 c5 22. f4 Rfc8 23. Qd3 a5 24. Nf5 Bxf5 25. exf5 Qd8 26. bxc5
Nxc5 27. Qd5 Qb6 28. Be3 Qb4 29. f6 Qe4 30. Qg5 Qg6 31. fxg7 Qxg5 32. fxg5
Ne6 33. Red1 Ra6 34. Rd5 Kxg7 35. Rf1 Rc4 36. Rb5 Ra8 37. Rbf5 Rc7 38. Bb6
Rd7 39. Rd5 Kf8 40. Bxa5 Ke7 41. Bc3 Rxa4 42. Bf6+ Kf8 43. Rb1 Ra8 44. Rbd1
Ra6 45. Rb1 Ra8 46. Rbd1 Ra6 47. Rb1 1/2-1/2

[Event "National Open"]
[Site "Las Vegas USA"]
[Date "2010.06.12"]
[Round "3"]
[White "Gallegos,P"]
[Black "Haskel,J"]
[Result "0-1"]
[WhiteElo "2099"]
[BlackElo "2241"]
[EventDate "2010.06.11"]

1. e4 e6 2. d4 d5 3. Nc3 Nf6 4. Bg5 Be7 5. e5 Nfd7 6. h4 Bxg5 7. hxg5 Qxg5
8. Nb5 Qd8 9. Qg4 g6 10. O-O-O a6 11. Nc3 c5 12. f4 h5 13. Qg3 cxd4 14.
Nce2 Nc6 15. Nf3 Nc5 16. Nexd4 Bd7 17. Qe1 Qb6 18. Nxc6 bxc6 19. Nd4 Rb8
20. Nb3 a5 21. Qe3 Nxb3+ 22. Qxb3 Qxb3 23. axb3 Rb4 24. g3 Ke7 25. Kd2 c5
26. Ra1 Ra8 27. Be2 Bc6 28. Rhc1 h4 29. c3 Rxb3 30. Kc2 Rab8 31. gxh4 Rxb2+
32. Kd1 a4 33. Rc2 Rb1+ 34. Rc1 Rxa1 35. Rxa1 Rh8 0-1

[Event "National Open"]
[Site "Las Vegas USA"]
[Date "2010.06.12"]
[Round "3"]
[White "Young,G"]
[Black "Kekelidze,M"]
[Result "0-1"]
[WhiteElo "2268"]
[BlackElo "2436"]
[EventDate "2010.06.11"]

1. e4 c5 2. Nf3 e6 3. d4 cxd4 4. Nxd4 a6 5. Bd3 Qb6 6. Nb3 Qc7 7. Nc3 Nf6
8. Be3 b5 9. f4 Bb7 10. a3 d6 11. O-O Nbd7 12. Qe2 g6 13. Rad1 Be7 14. Nd4
O-O 15. g4 e5 16. Nb3 exf4 17. Bxf4 Ne5 18. h3 Nfd7 19. Qf2 Rfe8 20. Nd5
Bxd5 21. exd5 Bf8 22. c3 Bg7 23. Rfe1 Nxd3 24. Rxe8+ Rxe8 25. Rxd3 Qc4 26.
Nc1 Be5 27. Bxe5 Rxe5 28. Rd4 Qc8 29. Nd3 Re7 30. Nb4 Ne5 31. Rd2 a5 32.
Nd3 Nc4 33. Re2 Qe8 34. Rxe7 Qxe7 35. Qf3 Qe3+ 36. Kg2 Qd2+ 37. Kg3 Ne3 38.
Nf4 Qe1+ 39. Kh2 a4 40. Ng2 Nxg2 41. Qxg2 Qe5+ 42. Kg1 Qe1+ 43. Kh2 h6 44.
Qc2 Qe5+ 45. Kg2 Qxd5+ 46. Kg3 h5 47. gxh5 Qe5+ 48. Kg2 Qg5+ 49. Kh2 Qxh5
50. Qd3 Qc5 51. Kg2 Kg7 52. Kf3 Kf6 53. Kg2 Qg5+ 54. Kh2 Ke7 55. Qc2 Qe3
56. Qg2 Qf4+ 57. Kh1 Kf6 58. Qe2 Qf5 59. Kg2 Kg7 60. Qd2 Qe4+ 61. Kg3 Qe5+
62. Kg2 f5 63. Kf3 d5 64. Qg5 Qe4+ 65. Kg3 Qe1+ 66. Kg2 Qe8 67. Kg3 Kf7 68.
Qh6 Qe5+ 69. Kf3 Qe4+ 70. Kg3 Qe8 71. Kf3 Kg8 72. Qg5 Kg7 73. Kg3 d4 74.
cxd4 Qe1+ 75. Kg2 Qe4+ 76. Kg3 Qd3+ 77. Kg2 Qxd4 78. Kf3 Qe4+ 79. Kg3 Qd3+
80. Kg2 Kf7 81. Qc1 Qd5+ 82. Kg3 Qe5+ 83. Kf3 Kg7 84. Qd2 Kh7 85. Qd7+ Kh6
86. Qd2+ g5 87. Kg2 Kh5 88. Qd1+ Kh4 89. Qf3 Qe4 0-1

[Event "National Open"]
[Site "Las Vegas USA"]
[Date "2010.06.12"]
[Round "3"]
[White "Khachiyan,M"]
[Black "Formanek,E"]
[Result "1/2-1/2"]
[WhiteElo "2539"]
[BlackElo "2241"]
[EventDate "2010.06.11"]

1. e4 e5 2. Nf3 Nc6 3. Bc4 Bc5 4. c3 Nf6 5. d4 exd4 6. cxd4 Bb4+ 7. Bd2
Bxd2+ 8. Nbxd2 d5 9. exd5 Nxd5 10. Qb3 Nce7 11. O-O O-O 12. Rfe1 c6 13. h3
Qb6 14. Ne4 Qxb3 15. Bxb3 Rd8 16. Rad1 Kf8 17. Ne5 f6 18. Nc4 b6 19. Ne3
Be6 20. Nc3 Nxe3 21. fxe3 Bxb3 22. axb3 Nd5 23. Nxd5 Rxd5 24. Rc1 c5 25.
dxc5 bxc5 26. Kf2 Rd3 27. Rxc5 1/2-1/2